| 000 | 01028cam a22002773a 4500 | ||
|---|---|---|---|
| 001 | 10401 | ||
| 003 | PGUSA | ||
| 005 | 20140828083224.0 | ||
| 008 | 031201s2003||||xxu|||||s|||||000 | eng d | ||
| 040 |
_aPGUSA _beng |
||
| 042 | _adc | ||
| 050 | 4 | _aE300 | |
| 050 | 4 | _aKF | |
| 100 | 1 |
_aDrayton, Daniel, _d1802-1857 |
|
| 245 | 1 | 0 |
_aPersonal Memoir of Daniel Drayton, For Four Years and Four Months a Prisoner (For Charity's Sake) in Washington Jail : _bIncluding A Narrative Of The Voyage And Capture Of The Schooner Pearl _h[electronic resource] / _cDaniel Drayton |
| 260 |
_bProject Gutenberg, _c2003 |
||
| 506 | _aPublic domain in the USA. | ||
| 516 | _aElectronic text | ||
| 653 | _aDrayton, Daniel, 1802-1857 -- Trials, litigation, etc. | ||
| 653 | _aFugitive slaves -- Legal status, laws, etc. -- Maryland | ||
| 653 | _aAbolitionists -- United States -- Biography | ||
| 653 | _aTrials -- Washington (D.C.) | ||
| 830 | 0 |
_aProject Gutenberg _v10401 |
|
| 856 | 4 | 0 | _uhttp://www.gutenberg.org/ebooks/10401 |
| 942 | _cEB | ||
| 999 |
_c239656 _d239656 |
||